Primer catálogo español de buenas prácticas : Conferencia de Naciones Unidas sobre asentamientos humanos : Estambul, junio 1996 /

Catálogo, dividido en dos tomos, que presenta numerosos casos de actuaciones urbanas dirigidas a producir mejoras en la sostenibilidad de las ciudades españolas, preparado por el Comité Nacional de España para la Conferencia sobre Asentamientos Humanos (Habitat II), que convocara la Organización de...

Ausführliche Beschreibung

Gespeichert in:
Bibliographische Detailangaben
Format: Buch
Sprache:Spanisch
Veröffentlicht: Madrid, España : Ministerio de Fomento, Dirección General de la Vivienda, la Arquitectura y el Urbanismo, 1996, c1996
Ausgabe:2a edición
Schlagworte:
Tags: Tag hinzufügen
Keine Tags, Fügen Sie das erste Tag hinzu!

MARC

LEADER 00000nam^a2200000^a^4500
001 000121354
005 20250521000000.0
009 20260310094423.648
020 |a 84-498-0200-8 
020 |a 84-498-0248-2 
037 |a Acervo ITESO - Biblioteca 
041 |a ESP 
082 |a 711. 42  |b PRI 
245 1 0 |a Primer catálogo español de buenas prácticas :  |b Conferencia de Naciones Unidas sobre asentamientos humanos : Estambul, junio 1996 /  |c Presen. de José Alberto Zaragoza. 
250 |a 2a edición 
264 4 |a Madrid, España :  |b Ministerio de Fomento, Dirección General de la Vivienda, la Arquitectura y el Urbanismo,  |c 1996, c1996 
300 |a 2 v. 
336 |a texto  |b txt  |2 rdacontenido 
337 |a sin mediación  |b n  |2 rdamedio 
338 |a volumen  |b nc  |2 rdasoporte 
520 |a Catálogo, dividido en dos tomos, que presenta numerosos casos de actuaciones urbanas dirigidas a producir mejoras en la sostenibilidad de las ciudades españolas, preparado por el Comité Nacional de España para la Conferencia sobre Asentamientos Humanos (Habitat II), que convocara la Organización de las Naciones Unidas (ONU) en Estambul, Turquía, en junio de 1996 y que fuera mejor conocida como la Cumbre de las Ciudades. 
649 |a XX 
650 |a Ecodiseño -  |z España 
650 |a Diseño Urbano -  |z España 
650 |a Asentamientos Humanos -  |z España 
650 |a Zonas Urbanas -  |z España 
650 |a Conservación y Protección Ambiental -  |z España 
650 |a Desarrollo Sustentable -  |z España 
650 |a Desarrollo Urbano -  |z España 
650 |a Urbanismo -  |z España 
650 |a Arquitectura Española 
650 |a Arte Español 
910 |a Fondo General 
920 |a Impresos - Libros 
930 |a Colección General 
905 |a 101 
901 |a 0500055782  |b IT1  |c ACC  |u 20250521 
901 |a 0500055785  |b IT1  |c ACC  |u 20250521 
902 |a https://opac.biblio.iteso.mx/vufind/Record/000121354